Κατάλογος Βιβλιοθηκών Mediterranean College

Τριετές Πλάνο Ανάπτυξης με Νέες Δομές και Εξωστρέφεια και IoT / Interview: Το 2020 η Eurobank θα είναι μια Άλλη Τράπεζα (Record no. 9247)

MARC details
000 -LEADER
fixed length control field 01689cam a22001934a 4500
005 - ΗΜΕΡΟΜΗΝΙΑ ΚΑΙ ΩΡΑ ΤΕΛΕΥΤΑΙΑΣ ΕΝΗΜΕΡΩΣΗΣ
Πεδίο ελέγχου 20250605164357.0
008 - FIXED-LENGTH DATA ELEMENTS--GENERAL INFORMATION
Πεδίο ελέγχου σταθερού μήκους 250528s ||||||||||||||||||||||||d
035 ## - SYSTEM CONTROL NUMBER
System control number 24359
040 ## - ΠΗΓΗ ΚΑΤΑΛΟΓΟΓΡΑΦΗΣΗΣ
Φορέας πρωτότυπης καταλογογράφησης MC Athens Campus Library
Γλώσσα καταλογογράφησης Ελληνικά, Μοντέρνα (1453-)
Modifying agency MC Athens Campus Library
Κανόνες περιγραφικής καταλογογράφησης AACR2
245 1# - ΤΙΤΛΟΣ ΚΑΙ ΔΗΛΩΣΗ ΥΠΕΥΘΥΝΟΤΗΤΑΣ
Τίτλος Τριετές Πλάνο Ανάπτυξης με Νέες Δομές και Εξωστρέφεια και IoT / Interview: Το 2020 η Eurobank θα είναι μια Άλλη Τράπεζα
260 ## - PUBLICATION, DISTRIBUTION, ETC.
Date of publication, distribution, etc. 2016
300 ## - PHYSICAL DESCRIPTION
Extent 62
520 ## - SUMMARY, ETC.
Summary, etc. Σεισμικές Αλλαγές Ante Portas στο ΙοΤ, Η Oracle Ποντάρει στο IaaS: Φουλ Επίθεση στην AWS, Ψηφιακός Μετασχηματισμός Επιχειρήσεων: Παλιό Κρασί σε Νέα Μπουκάλια ή Κάτι Άλλο, Blockchain Πραγματικότητα στις Τράπεζες, Πώς Μπορεί ο Καθένας να Γίνει Εκδότης Χάρη στην Πλατφόρμα Αυτοέκδοσης Bookoo των Εκδόσεων Ψυχογιός, Πώς θα Συντηρήσετε το 5G μέσω της Εταιρικής Κουλτούρας σας, Η Ασσύμετρη Απειλή του Ransomware, Οι Αλγόριθμοι Επελαύνουν στο Εταιρικό Τοπίο, Το 2020 η Eurobank θα είναι μια Άλλη Τράπεζα, Έργο Ανάπυξης Αλγόριθμων για τη Προσθήκη Ευφυϊας στα Αντικείμενα Επιτρέπει την Αυτόνομη Λήψη Αποφάσεων.
700 1# - ΠΡΟΣΘΕΤΗ ΑΝΑΓΡΑΦΗ--ΦΥΣΙΚΟ ΠΡΟΣΩΠΟ
Personal name Μαρκέτος Παναγιώτης
9 (RLIN) 9453
700 1# - ΠΡΟΣΘΕΤΗ ΑΝΑΓΡΑΦΗ--ΦΥΣΙΚΟ ΠΡΟΣΩΠΟ
Personal name Μπούσιας Μιχάλης Κ
9 (RLIN) 9357
942 ## - ADDED ENTRY ELEMENTS (KOHA)
Koha item type Περιοδικά Δημοσιεύματα
Holdings
Τύπος τεκμηρίου Βιβλιοθήκη Τρέχουσα τοποθεσία Barcode Ημερομηνία απόκτησης Ταξιθετικό σύμβολο Αριθμός αντιτύπου Κατάσταση απόσυρσης Κατάσταση χαμένου Κατάσταση κατεστραμμένου Μη δανεισμός Σύνολο δανεισμών Ημερομηνία τελευταίας εμφάνισης Η τιμή ισχύει από
Περιοδικά Δημοσιεύματα MC Athens Campus Library MC Athens Campus Library 9780000092465 05/06/2025 NETWEEK 1           05/06/2025 05/06/2025

MC Athens Campus Library
Πατησίων 94 & Κοδριγκτώνος 13, 104 34
Πελλήνης 8 & Πατησίων 107, 112 51
Τ: +30 210 8899600

MC Thessaloniki Campus Library
Ίωνος Δραγούμη 21, 54625 | Ίωνος Δραγούμη 15, 54625
Τ: +30 2310 287779 – Τ: +30 2314 440300